00381nam a22001577a 4500003000400000005001700004008004100021020001500062040000800077082001300085100001800098245002300116260005400139300001700193650001300210OSt20190907163922.0190122b ||||| |||| 00| 0 eng d a0914307150 cDLC b236 Y21e aYandian, Bob. aEnd Time Prophecy/ aDallas, Texas:bWord of faith Publishing:cc.1983 a22 p.;c20cm 2prophecy